000 00997nam a22003495b 4500
001 0350658
003 DO-SdBNP
005 20180221145836.0
007 0350658
008 930920r1993 sp a |||| ||spa
016 7 _a
_2BPMSU
017 _a
_b
020 _a8434822172
035 _a
040 _aBPMSU
_bspa
_cBPMSU
_e
041 1 _aspa
_h
080 0 _a
100 1 _aSampson, Derek
240 1 0 _aGrump and that mammoth again!
_lespañol
245 1 _aGruñón y el mamut peludo /
_cDerek Sampson ; traducción Blanca Aguirre ; ilustraciones, Simon Stern
_h
250 _a7ª ed.
260 _aMadrid :
_bSM,
_c1992.
300 _a99 p.;
_bil.:
_c20 cm
490 _aEl barco de vapor
_aSerie azul
_v25
521 _aA partir de 7 años.
700 1 _aAguirre, Blanca
_etr.
_q
700 1 _aStern, Simon
_eil.
830 _aEl barco de vapor
_v25
_pSerie azul
942 _2ddc
_cBK
945 _aInventariado, 2018/ YL
956 _a VMATEO
_210
_320160407
_6BPMSU
_80069
999 _c9619
_d9619